Vidiecky cestovný ruch ako faktor regionálneho rozvoja na príklade Zamaguria

Cestovný ruch - perspektívne odvetvie slovenskej ekonomiky. Vidiecky cestovný ruch na Slovensku (podhorské a horské oblasti). Zamagurie - jeho prírodné krásy a antropogénne podmienky sú predpokladom rozvoja agroturistiky. Kapacita a kvalita poskytovaných základných a doplnkových služieb cestovného r...

Ausführliche Beschreibung

Gespeichert in:
Bibliographische Detailangaben
1. Verfasser: Piteková, Jana
Format: Buchkapitel
Sprache:Slowakisch
Schlagworte:
Tags: Tag hinzufügen
Keine Tags, Fügen Sie das erste Tag hinzu!

MARC

LEADER 00000naa a2200000 4500
001 r020790
005 20230724102103.8
041 0 |a slo 
044 |a SK 
245 1 0 |a Vidiecky cestovný ruch ako faktor regionálneho rozvoja na príklade Zamaguria  |c Jana Piteková 
520 |a Cestovný ruch - perspektívne odvetvie slovenskej ekonomiky. Vidiecky cestovný ruch na Slovensku (podhorské a horské oblasti). Zamagurie - jeho prírodné krásy a antropogénne podmienky sú predpokladom rozvoja agroturistiky. Kapacita a kvalita poskytovaných základných a doplnkových služieb cestovného ruchu v Zamagurí. 
610 2 0 |a ruch cestovný 
610 2 0 |a agroturistika 
610 2 0 |a vidiek 
610 2 0 |a Slovensko 
610 2 0 |a Zamagurie 
610 2 0 |a rozvoj regionálny 
610 2 0 |a podnikanie 
610 2 0 |a zámery podnikateľské 
100 1 |a Piteková, Jana